| 000 | 00610nam a22002177a 4500 | ||
|---|---|---|---|
| 003 | OSt | ||
| 005 | 20161130191138.0 | ||
| 008 | 161130b xxu||||| |||| 00| 0 eng d | ||
| 020 | _a9781429255202 | ||
| 040 | _cDDC | ||
| 082 | _a523.1 COM 2012 | ||
| 100 |
_aComins, Neil F.; Kaufmann111, William J. _911322 |
||
| 245 | _aDiscovering the Universe | ||
| 250 | _a9th ed. | ||
| 260 | _aNew York; W.H.Freeman, 2012 | ||
| 300 | _axxv,583p. col.ill:28cm | ||
| 504 | _aAppendices, glossary, answers, & index included | ||
| 650 |
_aAustonomy _911323 |
||
| 650 |
_aUniverse physics _911324 |
||
| 942 |
_2ddc _cO_SHELF |
||
| 999 |
_c5415 _d5415 |
||